Geography Quiz

Random Geography or World Quiz

Landlocked Countries, Alphabetically Quiz Stats

 Plays Quiz not verified by Sporcle

Challenge
Share
Tweet
Embed
Score 0/45 Timer 07:00
0 Plays Today
Country % Correct
Afghanistan
81.9%
Austria
80.9%
Andorra
79.8%
Armenia
79.8%
Azerbaijan
79.8%
Belarus
79.8%
Bolivia
79.8%
Burundi
79.8%
Cen. Afr. Rep.
79.8%
Ethiopia
79.8%
Bhutan
78.7%
Burkina Faso
78.7%
Chad
78.7%
Czech Republic
78.7%
Kosovo
78.7%
Kyrgyzstan
78.7%
Laos
78.7%
Liechtenstein
78.7%
Malawi
78.7%
Hungary
77.7%
Luxembourg
77.7%
Mali
77.7%
Zambia
77.7%
Country % Correct
Zimbabwe
77.7%
Botswana
76.6%
Kazakhstan
76.6%
Lesotho
76.6%
Macedonia
76.6%
Moldova
76.6%
Nepal
75.5%
Paraguay
75.5%
Vatican City
75.5%
Niger
74.5%
Rwanda
74.5%
Turkmenistan
74.5%
Uganda
74.5%
San Marino
73.4%
Serbia
73.4%
Slovakia
73.4%
Swaziland
73.4%
Tajikistan
73.4%
Uzbekistan
73.4%
Switzerland
72.3%
Mongolia
71.3%
South Sudan
71.3%

You're not logged in!

Compare scores with friends on all Sporcle quizzes.
Join for Free
OR
Log In

You Might Also Like...

Show Comments

Extras

Top Quizzes Today


Score Distribution

Your Account Isn't Verified!

In order to create a playlist on Sporcle, you need to verify the email address you used during registration. Go to your Sporcle Settings to finish the process.

Report this User

Report this user for behavior that violates our Community Guidelines.

Details: